000 00478cam a2200157u 4500
082 _a940.54
_bHUR
100 1 _aHurren, B. J.
_949084
245 1 0 _aEastern Med;
_ba personal narrative,
260 _aLondon,
_bF. Muller ltd.
_c[1943]
300 _a160 p.
_c19 cm.
526 _a0
_b0
_c0
_d940_540000000000000_HUR
650 0 _aMCE
_9379
650 0 _aWorld War, 1939-1945
_928174
650 0 _aWorld War, 1939-1945
_xMediterranean Sea. [from old catalog]
_950073
942 _2ddc
_cBK
999 _c552828
_d552828